000
00334 a2200109 4500
001
ART_8109
005
20260410161639.0
008
260409a
245
1
0
_a
Canje de duda pública. Fideicomisos financieros
100
1
_a
Calcagno, Gabriel A
773
0
_t
Consultor tributario
_g
- Vol. 3, Nº 27 (may. 2009)
_w
REV474
999
_c
13178
_d
13178